|
|
|
|
| LEADER |
02376nam a2200409 a 4500 |
| 001 |
GR-Antirio1156 |
| 008 |
150402s2014 gr g b 001 0 gre d |
| 020 |
|
|
|a 9789606759888
|
| 040 |
|
|
|a GrPaTEI
|b gre
|c GR-PaULI
|
| 040 |
|
|
|a GrPaTEI
|b gre
|c GR-PaULI
|
| 082 |
|
0 |
|a 621.395
|2 22
|
| 099 |
|
9 |
|a ΣΔΥ 62
|
| 100 |
1 |
|
|a Wolf, Wayne
|
| 245 |
1 |
0 |
|a Σχεδιασμός ψηφιακών συστημάτων σε FPGAs /
|c Wayne Wolf ; επιμέλεια ελληνικής έκδοσης: Παρασκευάς Κίτσος, Νικόλαος Σκλάβος.
|
| 260 |
|
|
|a Αθήνα :
|b Νέων Τεχνολογιών,
|c 2014
|
| 300 |
|
|
|a xv, 529 σ. :
|b είκ., πίν.
|
| 500 |
|
|
|a Σύστημα "ΕΥΔΟΞΟΣ": αρ. εισ. 9587
|
| 500 |
|
|
|a Τα αντ. 58, 59 και 60/19 καθώς και τα αντ. 186 έως 190 είναι ανατύπωση 2018.
|
| 500 |
|
|
|a Τμήμα Μηχανικών Πληροφορικής Τ.Ε. (Αντίρριο)
|
| 504 |
|
|
|a Περιλαμβάνει βιβλιογραφικές αναφορές και ευρετήριο.
|
| 590 |
|
|
|a Πρόκειται για υλικό το οποίο το Ελληνικό Ανοικτό Πανεπιστήμιο διανέμει δωρεάν στους φοιτητές του.
|5 GR-PaHOU
|
| 590 |
|
|
|a ΣΔΥ62/READER/3/18.
|5 GR-PaHOU
|
| 590 |
|
|
|a Συνοδευτικό βιβλίο Θ.Ε. - READER.
|5 GR-PaHOU
|
| 610 |
|
4 |
|a Σύστημα ΕΥΔΟΞΟΣ
|
| 610 |
2 |
4 |
|a Τμήμα Μηχανικών Πληροφορικής Τ.Ε. (Αντίρριο)
|
| 650 |
|
0 |
|a FPGA
|
| 650 |
|
4 |
|a Reader.
|
| 650 |
|
4 |
|a Ενσωματωμένα συστήματα
|x ΣΔΥ 62.
|
| 650 |
|
4 |
|a Λογική σχεδίαση
|x Επεξεργασία δεδομένων
|
| 650 |
|
4 |
|a Ψηφιακά ολοκληρωμένα κυκλώματα
|x Σχεδιασμός με τη βοήθεια ηλεκτρονικού υπολογιστή
|
| 700 |
1 |
|
|a Κίτσος, Παρασκευάς
|
| 700 |
1 |
|
|a Σκλάβος, Νικόλαος
|
| 710 |
0 |
|
|a Νέων Τεχνολογιών
|
| 942 |
|
|
|2 ddc
|
| 952 |
|
|
|0 0
|1 0
|2 ddc
|4 0
|6 621_395000000000000_WOL
|7 0
|9 263103
|a LISK-2
|b LISK-2
|c EUD
|d 2021-01-17
|e 24
|f 0
|g 0.00
|l 0
|o 621.395 WOL
|p 2430000009587
|r 2021-01-17 00:00:00
|t 1
|w 2021-01-17
|y BK15
|x 20150402 0 ΧΑΣΑΝΗ 1
|x GrPaTEI - Antirrio
|
| 971 |
|
|
|a .b25709550
|b 08-10-20
|c 12-09-16
|
| 999 |
|
|
|c 151479
|d 151479
|